The integrity of trussed rafter roofs (Record no. 94500)

MARC details
000 -LEADER
fixed length control field 00509cam a2200205 4500
001 - CONTROL NUMBER
control field D1204
008 - FIXED-LENGTH DATA ELEMENTS--GENERAL INFORMATION
fixed length control field 090401t1978 xxu||||| |||| 00| 0 eng d
035 ## - SYSTEM CONTROL NUMBER
System control number (Sirsi) u63025
041 ## - LANGUAGE CODE
Language code of text/sound track or separate title eng
050 ## - LIBRARY OF CONGRESS CALL NUMBER
Classification number 695
100 ## - MAIN ENTRY--PERSONAL NAME
Personal name Baldwin, R.
245 #4 - TITLE STATEMENT
Title The integrity of trussed rafter roofs
260 ## - PUBLICATION, DISTRIBUTION, ETC.
Place of publication, distribution, etc. Garston, Watford
Name of publisher, distributor, etc. Building Research Establishment
Date of publication, distribution, etc. 1978
300 ## - PHYSICAL DESCRIPTION
Extent 6p. 30cm
350 ## - PRICE (NR) (BK AM CF MU VM SE) [OBSOLETE]
Price 0
490 ## - SERIES STATEMENT
Series statement BRE Current Paper
Volume/sequential designation 83/78
700 ## - ADDED ENTRY--PERSONAL NAME
Personal name Ransom, W.H.
942 ## - ADDED ENTRY ELEMENTS (KOHA)
Suppress in OPAC 0
948 ## - LOCAL PROCESSING INFORMATION (OCLC); SERIES PART DESIGNATOR (RLIN)
c (OCLC) 04/03/1997
Holdings
Withdrawn status Lost status Source of classification or shelving scheme Damaged status Not for loan Home library Current library Shelving location Date acquired Total Checkouts Full call number Barcode Date last seen Copy number Price effective from Koha item type
    Dewey Decimal Classification     London London Boxed set 14/09/1999   BOXED SET 30005974 06/08/2019 1 06/08/2019 Book